| 000 | 00830cam a2200157 4500500 | ||
|---|---|---|---|
| 005 | 20260322003344.0 | ||
| 041 | _afre | ||
| 042 | _adc | ||
| 100 | 1 | 0 |
_aPlusquellec, Florent _eauthor |
| 245 | 0 | 0 | _aVivien Barrière, Stéphane Coviaux, Alban Gautier y Anne Lehoërff, Les mondes du Nord. De la Préhistoire à l’âge viking. Une enquête historique sans précédent. Tallandier, «Humanités», 2025, 656 páginas, 29,90 euros. |
| 260 | _c2026. | ||
| 500 | _a67 | ||
| 520 | _aEva Jospin nos invita a un viaje hacia lo universal en el arte: la fascinante exploración de sus cuevas, presentada en el Grand Palais, nos invita a buscar las convergencias humanas. | ||
| 786 | 0 | _nÉtudes | 4334 | 2 | 2026-01-26 | p. 129-129 | |
| 856 | 4 | 1 | _uhttps://shs.cairn.info/revista-etudes-2026-2-page-129?lang=es&redirect-ssocas=7080 |
| 999 |
_c1731294 _d1731294 |
||